000 00364nam a2200133Ia 4500
008 231129s9999||||xx |||||||||||||| ||spa||
020 _a968-16-1523-9
040 _bspa
082 _a291.13 C134h
100 _aCaillois Roger
245 0 _aEl hombre y lo sagrado
264 _aFondo de Cultura Económica
942 _2ddc
_cBKS
999 _c11306
_d11306